Open Data Biblioteca Nacional de Portugal


República Portuguesa: Ministério da Cultura
Biblioteca Nacional de Portugal

Catálogo da BNP: acesso por Identificadores Unívocos
Registos Bibliográficos associados ao registo de autoridade

Etiqueta de registo: 00000nam 2200025 450
001 2101656
003 http://id.bnportugal.gov.pt/bib/catbnp/2101656
100 ## $a20220606d2021 k y0pory01030103ba
101 0# $aeng$dpor
102 ## $aPT
105 ## $aa m 001yy
106 ## $ar
200 1# $aLife -Cycle assessment of timber structures$e a cradle-to grave perspective$fAndré Manuel Alves Dias$gorient. Alfredo Manuel Pereira Geraldes Dias, José Dinis Silvestre, Jorge Manuel Caliço Lopes de Brito
210 #9 $aCoimbra$c[s.n.],$d2021
215 ## $aXXXV, 233, [42] p.$cil.$d30 cm
328 #1 $aTese dout. Engenharia Civil (Estruturas), Faculdade de Ciências e Tecnologia, Universidade de Coimbra, 2021
675 ## $a624.011(043)$vBN$zpor$31435995
700 #1 $aDias,$bAndré Manuel Alves,$f1993-$31848847
702 #1 $aDias,$bAlfredo Manuel Pereira Geraldes,$f1974-$4727$31689380
702 #1 $aSilvestre,$bJosé Dinis$4727$31268793
702 #1 $aBrito,$bJorge de$4727$3101440
801 #0 $aPT$bBN$gRPC
966 ## $lBN$mFGMON$sS.A. 182800 V.$x1
971 ## $carosa$d20220606
972 ## $d20221207$e0$vlrevez$z0
973 ## $cmcarvalho$d20221129

Etiqueta de registo: 00254nam 2200025 450
001 2176479
003 http://id.bnportugal.gov.pt/bib/catbnp/2176479
100 ## $a20240809d2024 k y0pory01030103ba
101 0# $aeng$dpor
102 ## $aPT
105 ## $aa m 000yy
106 ## $ar
200 1# $aMoment resistant joints for timber frames$fAléxia Brandão Ribeiro$gorient. Alfredo Manuel Pereira Geraldes Dias, João Henrique Jorge de Oliveira Negrão
210 #9 $aCoimbra$c[s.n.]$d2024
215 ## $aXX, 193 p.$cil.$d30 cm
328 #1 $aTese dout. Engenharia Civil (Estruturas), Faculdade de Ciências e Tecnologia, Universidade de Coimbra, 2024
675 ## $a624.011$vBN$zpor$31484965
675 ## $a624.042$vBN$zpor$3354178
700 #1 $aRibeiro,$bAléxia Brandão$31924290
702 #1 $aDias,$bAlfredo Manuel Pereira Geraldes,$f1974-$4727$31689380
702 #1 $aNegrão,$bJoão Henrique Jorge de Oliveira$4727$31218434
801 #0 $aPT$bBN$gRPC
856 40 $2Cópia digital disponível no Estudo Geral - Repositório Científico da Universidade de Coimbra$uhttps://hdl.handle.net/10316/115742
966 ## $lBN$mFGMON$sS.A. 190550 V.$x1
971 ## $clrevez$d20240809
972 ## $e0$z0$d20250416$vasantos
973 ## $cigoulao$d20250415

Etiqueta de registo: 00254nam 2200025 450
001 2280411
003 http://id.bnportugal.gov.pt/bib/catbnp/2280411
100 ## $a20260316d2025 k y0pory01030103ba
101 0# $aeng$dpor
102 ## $aPT
105 ## $aa m 000yy
106 ## $ar
200 1# $a The influence of microwave drying parameters on physical and mechanical properties of wood and the subsequent impregnation with resin$fFernando Júnior Resende Mascarenhas$gsupervised by Alfredo Manuel Pereira Geraldes Dias, André Luís Christoforo, Rogério Manuel Santos Simões
210 #9 $aCoimbra$c[s.n.],$d2025
215 ## $aL, 511 p.$cil.$d30 cm
328 #1 $aTese dout. Civil Engineering, Structural Mechanics, Faculty of Science and Technology of the University of Coimbra, 2025
675 ## $a620.17(043)$vBN$zpor$31219943
700 #1 $aMascarenhas,$bFernando Júnior Resende$31991480
702 #1 $aDias,$bAlfredo Manuel Pereira Geraldes,$f1974-$4727$31689380
702 #1 $aSimões,$bRogério Manuel dos Santos$4727$3408874
702 #1 $aCristoforo,$bAndré Luis$4727$31991476
801 #0 $aPT$bBN$gRPC
966 ## $lBN$mFGMON$sS.A. 193572 V.$x1
971 ## $cisantos$d20260316
972 ## $e0$z0$d20260416$vlrevez
973 ## $cigoulao$d20260414

Etiqueta de registo: 00000nam 2200025 450
001 2287724
003 http://id.bnportugal.gov.pt/bib/catbnp/2287724
100 ## $a20260611d2026 k y0pory01030103ba
101 0# $aeng$dpor
102 ## $aPT
105 ## $aa m 000yy
106 ## $ar
200 1# $aSustainable construction$e the role of high-rise timber buildings requirements during the life cycle of a building$fElÇzbieta Jadwiga Hamadyk$gorient. Miguel José das Neves Pires Amado, Jorge Manuel Caliço Lopes de Brito, Alfredo Manuel Pereira Geraldes Dias
210 #9 $aLisboa$c[s.n.],$d2026
215 ## $aXV, 253 p.$cil.$d30 cm
328 #1 $aTese dout. Civil Engineering, Instituto Superior Técnico, Universidade de Lisboa, 2026
675 ## $a624.011(043)$vBN$zpor$31435995
675 ## $a620.17(043)$vBN$zpor$31219943
700 #1 $aHamadyk,$bElÇzbieta Jadwiga$32000375
702 #1 $aAmado,$bMiguel José das Neves Pires,$f1959-$4727$3274229
702 #1 $aBrito,$bJorge de$4727$3101440
702 #1 $aDias,$bAlfredo Manuel Pereira Geraldes,$f1974-$4727$31689380
801 #0 $aPT$bBN$gRPC
966 ## $lBN$mFGMON$x1
971 ## $corlando$d20260611
973 ## $cigoulao$d20260703

OpendataBNP@bnportugal.pt | Mais informação sobre acesso aos dados BNP